00666nam a2200181Ia 4500008004000000020001800040082001600058100002300074245009000097250000500187260004700192300001300239650001500252690002100267906001100288999001900299952016600318210210b2001 xxu||||| |||| 00| 0 eng d a81 242 0229 X a378.12 VOHM aVOHRA (Amrit Lal). aManual of service conditions of teachers in universities and colleges in India. Ed 1. a aNew Delhi.bCrest Publishing House.,c2001 axxiv,608 aTeachers  aHigher Education a057605 c104752d104752 001040708EducationaALbALcEducationd2021-02-17eHigginbothams (P) Ltd., Mangalore-01.g1295.00l0o378.12 VOHMp057605r2021-02-17 00:00:00w2021-02-17yBK